000 00437nab a2200145Ia 4500
003 ES-SlBCS
005 20210601125230.0
008 140529s1972 xxu||||| |||| 00| 0 eng d
041 _aeng
100 1 _aWarren, W. Preston
_9155736
245 0 0 _aExperimentalism Plus
_c W. Preston Warren
650 0 4 _aExperimentalismo
_9155737
773 0 _tPhilosophy and Phenomenological Research
_gvol. 33, 1972, págs. 149-162
_wRev1411
942 _cAR
999 _c526933
_d526933